000
00196 a2200097 4500
020
_a
9788448102
041
_a
spa
100
_a
Kindersley, dorling
245
_a
Que tienen dentro bebes
942
_c
BK
999
_c
5745
_d
5745